Prosperity through trees (Record no. 77110)
[ view plain ]
| 000 -LEADER | |
|---|---|
| fixed length control field | 00843nam a2200157 a 4500 |
| 008 - FIXED-LENGTH DATA ELEMENTS--GENERAL INFORMATION | |
| fixed length control field | 120416s0000 ||||||||||||||||| || u |
| 020 ## - INTERNATIONAL STANDARD BOOK NUMBER | |
| International Standard Book Number | 8176480797 |
| 050 ## - LIBRARY OF CONGRESS CALL NUMBER | |
| Classification number | SD 387.S55 Sha |
| 100 ## - MAIN ENTRY--PERSONAL NAME | |
| Personal name | Sharma, V. K |
| 245 10 - TITLE STATEMENT | |
| Title | Prosperity through trees |
| 260 ## - PUBLICATION, DISTRIBUTION, ETC. | |
| Place of publication, distribution, etc. | New Delhi |
| Name of publisher, distributor, etc. | A.P.H. Publishing corporation |
| Date of publication, distribution, etc. | 1999 |
| 350 ## - | |
| -- | 0.00 |
| 995 ## - | |
| -- | MAIN LIBRARY OPEN ACCESS |
| -- | 0.00 |
| -- | 732008 |
| -- | CBU-MAIN LIBRARY (Kitwe) |
| -- | 3 |
| -- | 19.00 |
| -- | SD 387.S55 Sha |
| -- | 3 |
| -- | AVAILABLE |
| -- | May 3, 2006 |
| -- | 029531 |
| -- | Main Library Open Access Collection |
| 995 ## - | |
| -- | MAIN LIBRARY OPEN ACCESS |
| -- | 0.00 |
| -- | 732009 |
| -- | CBU-MAIN LIBRARY (Kitwe) |
| -- | 2 |
| -- | 19.00 |
| -- | SD 387.S55 Sha |
| -- | 1 |
| -- | AVAILABLE |
| -- | May 3, 2006 |
| -- | 029532 |
| -- | Main Library Open Access Collection |
| 995 ## - | |
| -- | ANNEX COLLECTION (Main Library) |
| -- | 0.00 |
| -- | 732007 |
| -- | CBU-MAIN LIBRARY (Kitwe) |
| -- | 1 |
| -- | 19.00 |
| -- | SD 387.S55 Sha |
| -- | 1 |
| -- | AVAILABLE |
| -- | 029533 |
| -- | Annex Low-Usage Collection |
| 999 ## - | |
| -- | 77110 |
| -- | 77110 |
| Withdrawn status | Lost status | Source of classification or shelving scheme | Damaged status | Not for loan | Permanent Location | Current Location | Shelving location | Date acquired | Total Checkouts | Full call number | Barcode | Date last seen | Copy number | Price effective from | Koha item type |
|---|---|---|---|---|---|---|---|---|---|---|---|---|---|---|---|
| CBU-MAIN LIBRARY, KITWE. | CBU-MAIN LIBRARY, KITWE. | 04/25/2023 | SD 387.S55 Sha | 029531 | 04/25/2023 | 1 | 04/25/2023 | MONOGRAPH | |||||||
| CBU-MAIN LIBRARY, KITWE. | CBU-MAIN LIBRARY, KITWE. | 04/25/2023 | SD 387.S55 Sha | 029532 | 04/25/2023 | 2 | 04/25/2023 | MONOGRAPH | |||||||
| CBU-MAIN LIBRARY, KITWE. | CBU-MAIN LIBRARY, KITWE. | 04/25/2023 | SD 387.S55 Sha | 029533 | 04/25/2023 | 3 | 04/25/2023 | MONOGRAPH |